Siut-Theben : zur Wertschatzung von Traditionen im alten Agypten /
Main Author:
Format: Book
Language: German
Published:
Boston :
Brill,
1999.
Series:
Probleme der Agyptologie,
13.
PdA ;
13.
Subjects:
Tags: Add Tag
Call Number: DT57 .P92 v.13
| LEADER | 01099namaa2200325 4500 | ||
|---|---|---|---|
| 001 | 13271 | ||
| 003 | OSt | ||
| 005 | 20260421101556.0 | ||
| 008 | 130303s1999 maua b 001 0 ger d | ||
| 010 | |a 99027757 | ||
| 020 | |a 9004114416 (cloth : alk. paper) | ||
| 040 | |c ARCE Library | ||
| 043 | |a f-ua--- | ||
| 050 | 4 | |a DT57 .P92 v.13 | |
| 100 | 1 | |a Kahl, Jochem, |e author |9 33498 | |
| 245 | 1 | 0 | |a Siut-Theben : |b zur Wertschatzung von Traditionen im alten Agypten / |c von Jochem Kahl. |
| 264 | 1 | |a Boston : |b Brill, |c 1999. | |
| 300 | |a x, 401 pages : |b illustrations ; |c 25 cm. | ||
| 490 | 0 | |a Probleme der Agyptologie, |x 0169-9601 ; |v 13. | |
| 490 | 0 | |a PdA ; |v 13. | |
| 500 | |a Originally presented as the author's Habilitationsschrift -- Universität Münster, 1997/98. | ||
| 504 | |a Includes bibliographical references and index. | ||
| 650 | 0 | |a Art, Egyptian. | |
| 650 | 0 | |a Inscriptions, Egyptian. | |
| 651 | 0 | |a Egypt |x Civilization |y To 332 B.C. | |
| 651 | 0 | |a Asyūṭ (Egypt) |x Antiquities. | |
| 651 | 0 | |a Thebes (Egypt : Extinct city) | |
| 901 | |a reviewed | ||
| 942 | |c BK |2 lcc | ||
| 999 | |c 13181 |d 13181 | ||
